Công tác bảo hộ quyền tác giả ở Việt Nam trong những năm qua /

Enregistré dans:
Détails bibliographiques
Auteur principal: Mạnh Thắng.
Format: Article
Langue:Vietnamese
Sujets:
Tags: Ajouter un tag
Pas de tags, Soyez le premier à ajouter un tag!
Thư viện lưu trữ: Thư viện Trường Đại học Đà Lạt
LEADER 00705nam a2200241 4500
001 DLU090099098
005 ##20091202
040 # # |a DLU  |b vie 
041 # # |a vie 
044 # # |a vn 
100 # # |a Mạnh Thắng. 
245 # # |a Công tác bảo hộ quyền tác giả ở Việt Nam trong những năm qua /  |c Mạnh Thắng. 
653 # # |a Bản quyền 
773 # # |t Văn hoá Nghệ thuật  |g Số 2(212), 2002, tr. 11-17 
920 # # |a Phòng Tạp chí -- Trung tâm Thông tin - Thư viện Trường Đại học Đà Lạt 
994 # # |a DLU 
900 # # |a True 
911 # # |a Đào Thị Thu Huyền 
925 # # |a G 
926 # # |a A 
927 # # |a BB 
980 # # |a Thư viện Trường Đại học Đà Lạt